Guns N' Roses Members - Sudden Death - Statistics

General Stats
  • This quiz has been taken 230 times
    198 since last reset
  • The average score is 8 of 14
Answers on the Grid
Answers color-coded by a green-red scale on the quiz's grid according to % correct below.
Chris Cornell
Izzy Stradlin
Richard Fortus
Scott Weiland
Myles Kennedy
Axl Rose
Tom Morello
Corey Taylor
Tommy Stinson
Ron "Bumblefoot" Thal
Slash
Dave Grohl
Sammy Hagar
Gilby Clarke
Sting
Dizzy Reed
Josh Freese
Nikki Sixx
Chris Pitman
Ritchie Blackmore
Buckethead
Jonny Greenwood
Matt Sorum
Josh Homme
Steven Adler
Flea
Duff McKagan
James Hetfield
 
Answer Stats
Answer % Correct
Axl Rose
95%
Izzy Stradlin
88%
Slash
87%
Duff McKagan
80%
Steven Adler
73%
Dizzy Reed
61%
Matt Sorum
59%
Buckethead
57%
Gilby Clarke
47%
Richard Fortus
44%
Ron "Bumblefoot" Thal
33%
Tommy Stinson
27%
Josh Freese
26%
Chris Pitman
23%
No matching quizzes found
Score Distribution
Percent of People with Each Score
Percentile by Number Answered
Your Score History
You have not taken this quiz since the last reset